Bí quyết để có việc làm sau khi tốt nghiệp Đại học = The secret to getting a job after college

Đề xuất những chiến thuật tìm kiếm việc làm hiệu quả cho sinh viên mới tốt nghiệp đại học

Guardat en:
Dades bibliogràfiques
Autor principal: Chiagouris, Larry
Format: Llibre
Idioma:Undetermined
Publicat: Thanh Hóa Nxb. Thanh Hóa 2014
Matèries:
Etiquetes: Afegir etiqueta
Sense etiquetes, Sigues el primer a etiquetar aquest registre!
Thư viện lưu trữ: Trung tâm Học liệu Trường Đại học Cần Thơ
LEADER 00853nam a2200229Ia 4500
001 CTU_203035
008 210402s9999 xx 000 0 und d
020 |c 55000 
082 |a 650.14 
082 |b C532 
100 |a Chiagouris, Larry 
245 0 |a Bí quyết để có việc làm sau khi tốt nghiệp Đại học = 
245 4 |b The secret to getting a job after college 
245 0 |c Larry Chiagouris ; Thành Khang, Đặng Hà (dịch) 
260 |a Thanh Hóa 
260 |b Nxb. Thanh Hóa 
260 |c 2014 
520 |a Đề xuất những chiến thuật tìm kiếm việc làm hiệu quả cho sinh viên mới tốt nghiệp đại học 
650 |a Săn việc,Job hunting 
904 |i Nguyên 
910 |a Khoa 
980 |a Trung tâm Học liệu Trường Đại học Cần Thơ